| 000 | 01070nam a22002657a 4500 | ||
|---|---|---|---|
| 003 | OSt | ||
| 005 | 20250410130627.0 | ||
| 008 | 201013s1995 ck ||||gr|||| 00| fdspa d | ||
| 020 | _a9589511635 | ||
| 040 |
_aCO-JMCR _cCO-JMCR |
||
| 041 | 0 | _aspa | |
| 082 | 0 | 4 |
_aA-N _bARIt _223 |
| 100 | 1 |
_aAriza, Hilario José, _eautor _911403 |
|
| 245 | 1 | 0 |
_aTatuajes del poder / _cHilario José Ariza |
| 246 | 0 | 0 | _aIntriga, misterio y muerte |
| 250 | _aPrimera edición | ||
| 260 |
_a[Bogotá] : _bInes Soto Editora, _c1995 |
||
| 300 |
_a431 páginas ; _c21 cm. |
||
| 500 | _aIncluye datos biográficos del autor y glosario. | ||
| 520 | 3 | _a"El argumento se centra y se descentra en la vida de un guerrillero izquierdista Prudencio Goenaga. Y esta vida es vista y descrita en relación con la Guajira Mítica y cotidiana, llena de fantasmas, de indígenas, de contrabandistas y funcionarios de estado, poco-por decir algo-honestos." | |
| 600 | 1 | 4 |
_aGoenaga, Prudencio _vNovela _911404 |
| 650 | 1 | 4 |
_aNovela colombiana _911405 |
| 650 | 1 | 4 |
_aPoder _vnovela _911406 |
| 942 |
_2ddc _cBK |
||
| 999 |
_c6907 _d6907 |
||